A Study on Spiritual Significance of Gaumata(Mother Cow): In Response to Religious and Political Ideology... (Record no. 23201)

MARC details
000 -LEADER
fixed length control field 00380nam a22001217a 4500
082 ## - DEWEY DECIMAL CLASSIFICATION NUMBER
Classification number 294.5 HIV
100 ## - MAIN ENTRY--AUTHOR NAME
Author name Yeptho, Hivi
245 ## - TITLE STATEMENT
Title A Study on Spiritual Significance of Gaumata(Mother Cow): In Response to Religious and Political Ideology...
260 ## - PUBLICATION, DISTRIBUTION, ETC. (IMPRINT)
Place of publication Henry Martyn Institute, Hyderabad
Name of publisher Henry Martyn Institute
Year of publication 2021
300 ## - PHYSICAL DESCRIPTION
Number of Pages 86
650 ## - SUBJECT ADDED ENTRY--TOPICAL TERM
Topical Term Hinduism
942 ## - ADDED ENTRY ELEMENTS (KOHA)
Koha item type Thesis
Holdings
Collection code Home library Current library Shelving location Date acquired Source of acquisition Full call number Accession Number Koha item type
Reference Henry Martyn Institute Library Henry Martyn Institute Library Reference 12/01/2021 student 294.5 HIV 11-4552 Thesis
                   Copyright © 2026 | Henry Martyn Institute | Hyderabad | TS-500052 | INDIA | Implemented by hmi.edu.in
Hit-Count:

Powered by Koha